Isolated Islands or Communicating Vessels? – Bitcoin Price and Volume Spillovers Across Cryptocurrency Platforms

Vzájomné závislosti medzi hlavnými kryptomenovými burzami (americkými, európskymi a japonskými). Prelievanie cien a objemov v dennej frekvencii v období 6/2015-5/2019 podľa údajov zo stránky bitcoinity.org.

Saved in:
Bibliographic Details
Main Author: Kliber, Agata
Other Authors: Włosik, Katarzyna
Format: Book Chapter
Language:English
Subjects:
Tags: Add Tag
No Tags, Be the first to tag this record!

MARC

LEADER 00000naa a2200000 4500
001 0259950
005 20200116150638.7
041 0 |a eng 
044 |a CZ 
245 1 0 |a Isolated Islands or Communicating Vessels? – Bitcoin Price and Volume Spillovers Across Cryptocurrency Platforms  |c Agata Kliber, Katarzyna Włosik 
520 |a Vzájomné závislosti medzi hlavnými kryptomenovými burzami (americkými, európskymi a japonskými). Prelievanie cien a objemov v dennej frekvencii v období 6/2015-5/2019 podľa údajov zo stránky bitcoinity.org. 
610 2 0 |a trh finančný medzinárodný 
610 2 0 |a mena virtuálna 
610 2 0 |a burzy 
610 2 0 |a spillover 
610 2 0 |a USA 
610 2 0 |a Japonsko 
610 2 0 |a Európa 
100 1 |a Kliber, Agata 
700 1 |a Włosik, Katarzyna